000 00288nam a22001337a 4500
008 210514b ||||| |||| 00| 0 eng d
041 _aeng
080 _a82
082 _a82
100 _a21
101 _aGJL
245 _aThe Mousetrap and Other Plays
_cChristie,A
942 _2udc
_cBK
999 _c57333
_d57333